Офорты Сальвадора Дали из собрания Государственного музея изобразительных искусств имени А.С. Пушкина (Запись № 1960272)

Подробности
000 -МАРКЕР
контрольное поле 02033nam0a2200349 4500
001 - ИДЕНТИФИКАТОР ЗАПИСИ
контрольное поле RU\NLR\bibl\1827082
005 - ИДЕНТИФИКАТОР ВЕРСИИ
контрольное поле 20260407072949.0
010 ## - МЕЖДУНАРОДНЫЙ СТАНДАРТНЫЙ НОМЕР КНИГИ (ISBN)
Номер (ISBN) 978-5-4350-0008-5
021 ## - НОМЕР ГОСУДАРСТВЕННОЙ РЕГИСТРАЦИИ
Код страны Российская Федерация
Номер 2011-2693и
Номер Листа государственной регистраци 358и
035 ## - ДРУГИЕ СИСТЕМНЫЕ НОМЕРА
Идентификатор записи (NLR Aleph) 001817603
100 ## - ДАННЫЕ ОБЩЕЙ ОБРАБОТКИ
Данные общей обработки 20111031d2011 |||y0rusy50 ca
101 0# - ЯЗЫК РЕСУРСА
Язык текста, звукозаписи и т.д. русский
102 ## - СТРАНА ПУБЛИКАЦИИ ИЛИ ПРОИЗВОДСТВА
Страна публикации Российская Федерация
105 ## - ПОЛЕ КОДИРОВАННЫХ ДАННЫХ: ТЕКСТОВЫЕ МАТЕРИАЛЫ, МОНОГРАФИЧЕСКИЕ
Кодированные данные о монографическом текстовом документе a |||||||||
200 1# - ЗАГЛАВИЕ И СВЕДЕНИЯ ОБ ОТВЕТСТВЕННОСТИ
Основное заглавие Офорты Сальвадора Дали из собрания Государственного музея изобразительных искусств имени А.С. Пушкина
Сведения, относящиеся к заглавию [альбом]
Первые сведения об ответственности Гос. музей изобраз. искусств им. А.С. Пушкина
Последующие сведения об ответственности [авт. и сост. И.А. Никифорова]
210 ## - ПУБЛИКАЦИЯ, РАСПРОСТРАНЕНИЕ И ДР.
Место издания, распространения и т.д. Москва
Имя издателя, распространителя и т. д. СканруС
Дата издания, распространения и т.д. 2011
215 ## - ФИЗИЧЕСКАЯ ХАРАКТЕРИСТИКА
Специфическое обозначение материала и объем 96 с.
Другие сведения о физической характеристике ил., цв. ил.
Размеры 29
601 02 - НАИМЕНОВАНИЕ ОРГАНИЗАЦИИ КАК ПРЕДМЕТ
Начальный элемент ввода Государственный музей изобразительных искусств им. А.С. Пушкина
Идентифицирующий признак Москва, город
Формальный подзаголовок Альбомы
Тематический подзаголовок Коллекция графики
Системный номер авторитетной/нормативной записи 2348025
Идентификатор авторитетной/нормативной записи RU\NLR\AUTH\661403008
604 ## - ИМЯ И ЗАГЛАВИЕ КАК ПРЕДМЕТ
Связываемые данные 200#1$aДали$gСальвадор$bС.$f1904 - 1989
-- 2351#$aОфорты
Имя лица Дали, Сальвадор (1904 - 1989)
Заглавие Офорты
Формальный подзаголовок Альбомы
Идентификатор авторитетной/нормативной записи RU\NLR\AUTH\661569662
Системный номер авторитетной/нормативной записи 2091961
686 ## - ИНДЕКСЫ ДРУГИХ КЛАССИФИКАЦИЙ
Индекс Щ153(4Ис)6-8Дали
686 ## - ИНДЕКСЫ ДРУГИХ КЛАССИФИКАЦИЙ
Индекс Щ101.3(2Р)-2Москва2Гос. музей изобр. и-в им. Пушкина
700 #1 - ИМЯ ЛИЦА - ПЕРВИЧНАЯ ОТВЕТСТВЕННОСТЬ
Код отношения Автор
Материалы, к которым относится поле rus
Графика поля Кириллица
Начальный элемент ввода Дали
Часть имени, кроме начального элемента ввода С.
Даты 1904-1989
Расширение инициалов личного имени Сальвадор
Идентификатор авторитетной/нормативной записи RU\NLR\auth\774738
Системный номер авторитетной/нормативной записи 114715
702 #1 - ИМЯ ЛИЦА - ВТОРИЧНАЯ ОТВЕТСТВЕННОСТЬ
Код отношения Составитель
Материалы, к которым относится поле rus
Графика поля Кириллица
Начальный элемент ввода Никифорова
Часть имени, кроме начального элемента ввода И. А.
Дополнения к именам, кроме дат искусствовед
Расширение инициалов личного имени Ирина Алексеевна
Идентификатор авторитетной/нормативной записи RU\NLR\auth\7779833
Системный номер авторитетной/нормативной записи 62761
712 02 - НАИМЕНОВАНИЕ ОРГАНИЗАЦИИ - ВТОРИЧНАЯ ОТВЕТСТВЕННОСТЬ
Код отношения Прочие
Начальный элемент ввода Государственный музей изобразительных искусств им. А. С. Пушкина
Идентифицирующий признак Москва
Идентификатор авторитетной/нормативной записи RU\NLR\AUTH\883002
Системный номер авторитетной/нормативной записи 277150
801 #0 - ИСТОЧНИК ЗАПИСИ
Страна Российская Федерация
Организация NLR
Дата составления 20111031
Правила каталогизации RCR
801 #1 - ИСТОЧНИК ЗАПИСИ
Страна Российская Федерация
Организация NLR
Дата составления 20111031
942 ## - ДОПОЛНИТЕЛЬНЫЕ ЭЛЕМЕНТЫ ЗАПИСИ (АБИС)
Тип экземпляра АБИС Книга
980 ## - КОЛЛЕКЦИЯ
Название коллекции Национальная библиография
980 ## - КОЛЛЕКЦИЯ
Название коллекции НБР
Экземпляры
Тип экземпляра Дата поступления Источник поступления Библиотека постоянного хранения Библиотека текущего хранения Место хранения Шифр хранения Штрих-код Статус экземпляра
Книга 31.10.2011 Обязательный экземпляр РНБ (Садовая) РНБ (Садовая) Фонд эстампов и фотографий (изоизданий) Э АлИс590/2-Д152 3520227  
Книга 31.10.2011 Обязательный экземпляр РНБ (Садовая) РНБ (Садовая) Фонд эстампов и фотографий (изоизданий) Э АлИс590/2-Д152 3520229